<?xml version="1.0" encoding="UTF-8"?>
<record
    xmlns:xsi="http://www.w3.org/2001/XMLSchema-instance"
    xsi:schemaLocation="http://www.loc.gov/MARC21/slim http://www.loc.gov/standards/marcxml/schema/MARC21slim.xsd"
    xmlns="http://www.loc.gov/MARC21/slim">

  <leader>00395nam a22001817a 4500</leader>
  <controlfield tag="008">240316b        |||||||| |||| 00| 0 eng d</controlfield>
  <datafield tag="020" ind1=" " ind2=" ">
    <subfield code="a">8186937676</subfield>
  </datafield>
  <datafield tag="040" ind1=" " ind2=" ">
    <subfield code="a">30</subfield>
  </datafield>
  <datafield tag="082" ind1=" " ind2=" ">
    <subfield code="a">615.3 SHA</subfield>
  </datafield>
  <datafield tag="100" ind1=" " ind2=" ">
    <subfield code="a">SHARMA ,HEMRAJ</subfield>
  </datafield>
  <datafield tag="110" ind1=" " ind2=" ">
    <subfield code="b">AYURVEDA</subfield>
  </datafield>
  <datafield tag="245" ind1=" " ind2=" ">
    <subfield code="a">KASYAPA SAMHITA</subfield>
  </datafield>
  <datafield tag="250" ind1=" " ind2=" ">
    <subfield code="a">1 ST</subfield>
  </datafield>
  <datafield tag="260" ind1=" " ind2=" ">
    <subfield code="a">VARANASI</subfield>
    <subfield code="b">CHAUKHMABA</subfield>
    <subfield code="c">2024</subfield>
  </datafield>
  <datafield tag="300" ind1=" " ind2=" ">
    <subfield code="a">578</subfield>
  </datafield>
  <datafield tag="650" ind1=" " ind2=" ">
    <subfield code="a">SAMHITA</subfield>
  </datafield>
  <datafield tag="942" ind1=" " ind2=" ">
    <subfield code="c">01</subfield>
  </datafield>
  <datafield tag="999" ind1=" " ind2=" ">
    <subfield code="c">58664</subfield>
    <subfield code="d">58664</subfield>
  </datafield>
  <datafield tag="952" ind1=" " ind2=" ">
    <subfield code="0">0</subfield>
    <subfield code="1">0</subfield>
    <subfield code="2">ddc</subfield>
    <subfield code="4">0</subfield>
    <subfield code="6">615_300000000000000_SHA</subfield>
    <subfield code="7">0</subfield>
    <subfield code="9">528952</subfield>
    <subfield code="a">30</subfield>
    <subfield code="b">30</subfield>
    <subfield code="d">2024-03-12</subfield>
    <subfield code="e">CSP</subfield>
    <subfield code="l">1</subfield>
    <subfield code="o">615.3 SHA</subfield>
    <subfield code="p">30-B-7770</subfield>
    <subfield code="r">2026-02-28</subfield>
    <subfield code="s">2026-02-27</subfield>
    <subfield code="w">2024-03-16</subfield>
    <subfield code="y">01</subfield>
  </datafield>
  <datafield tag="952" ind1=" " ind2=" ">
    <subfield code="0">0</subfield>
    <subfield code="1">0</subfield>
    <subfield code="2">ddc</subfield>
    <subfield code="4">0</subfield>
    <subfield code="6">615_300000000000000_SHA</subfield>
    <subfield code="7">0</subfield>
    <subfield code="9">528953</subfield>
    <subfield code="a">30</subfield>
    <subfield code="b">30</subfield>
    <subfield code="d">2024-03-12</subfield>
    <subfield code="e">CSP</subfield>
    <subfield code="l">0</subfield>
    <subfield code="o">615.3 SHA</subfield>
    <subfield code="p">30-B-7771</subfield>
    <subfield code="r">2024-03-16</subfield>
    <subfield code="w">2024-03-16</subfield>
    <subfield code="y">01</subfield>
  </datafield>
  <datafield tag="952" ind1=" " ind2=" ">
    <subfield code="0">0</subfield>
    <subfield code="1">0</subfield>
    <subfield code="2">ddc</subfield>
    <subfield code="4">0</subfield>
    <subfield code="6">615_300000000000000_SHA</subfield>
    <subfield code="7">0</subfield>
    <subfield code="9">528954</subfield>
    <subfield code="a">30</subfield>
    <subfield code="b">30</subfield>
    <subfield code="d">2024-03-12</subfield>
    <subfield code="e">CSP</subfield>
    <subfield code="l">0</subfield>
    <subfield code="o">615.3 SHA</subfield>
    <subfield code="p">30-B-7772</subfield>
    <subfield code="r">2024-03-16</subfield>
    <subfield code="w">2024-03-16</subfield>
    <subfield code="y">01</subfield>
  </datafield>
  <datafield tag="952" ind1=" " ind2=" ">
    <subfield code="0">0</subfield>
    <subfield code="1">0</subfield>
    <subfield code="2">ddc</subfield>
    <subfield code="4">0</subfield>
    <subfield code="6">615_300000000000000_SHA</subfield>
    <subfield code="7">0</subfield>
    <subfield code="9">528955</subfield>
    <subfield code="a">30</subfield>
    <subfield code="b">30</subfield>
    <subfield code="d">2024-03-12</subfield>
    <subfield code="e">CSP</subfield>
    <subfield code="l">0</subfield>
    <subfield code="o">615.3 SHA</subfield>
    <subfield code="p">30-B-7773</subfield>
    <subfield code="r">2024-03-16</subfield>
    <subfield code="w">2024-03-16</subfield>
    <subfield code="y">01</subfield>
  </datafield>
</record>
